[Event "39th Citta Arco Open 2017"]
[Site "Arco"]
[Date "2017.10.10"]
[Round "2.13"]
[White "Passerotti, Pierluigi"]
[Black "Tonina, Filippo"]
[Result "1/2-1/2"]
[WhiteElo "2210"]
[BlackElo "2021"]
[Annotator "ChessBase"]
[PlyCount "165"]
[EventType "swiss"]
[EventCountry "ITA"]
[TimeControl "40/5400+30:1800+30"]

1. d4 {[%emt 0:05:30]} d6 {[%emt 0:01:00]} 2. e4 {[%emt 0:00:30]} Nf6 {[%emt 0:00:30]} 3. Nc3 {[%emt 0:00:30]} g6 {[%emt 0:00:00]} 4. Be3 {[%emt 0:00:30]} c6 {[%emt 0:00:00]} 5. h3 {[%emt 0:00:00]} b5 {[%emt 0:00:30]} 6. e5 {[%emt 0:01:00]} dxe5 {[%emt 0:06:30]} 7. dxe5 {[%emt 0:00:30]} Qxd1+ {[%emt 0:00:30]} 8. Rxd1 {[%emt 0:00:00]} Nfd7 {[%emt 0:01:30]} 9. f4 {[%emt 0:00:00]} Nb6 {[%emt 0:03:30]} 10. Bd3 {[%emt 0:02:30]} b4 {[%emt 0:15:30]} 11. Ne4 {[%emt 0:08:30]} Nd5 {[%emt 0:00:30]} 12. Bc1 {[%emt 0:02:30]} Bf5 {[%emt 0:08:30]} 13. Ne2 {[%emt 0:03:30]} e6 {[%emt 0:02:30]} 14. N2g3 {[%emt 0:01:30]} Be7 {[%emt 0:01:30]} 15. Ke2 {[%emt 0:04:30]} Nd7 {[%emt 0:08:30]} 16. Kf3 {[%emt 0:17:30]} Nc5 {[%emt 0:13:30]} 17. Nxc5 {[%emt 0:00:30]} Bxc5 {[%emt 0:00:30]} 18. Nxf5 {[%emt 0:00:30]} gxf5 {[%emt 0:01:30]} 19. g4 {[%emt 0:00:00]} Ne7 {[%emt 0:07:30]} 20. Bd2 {[%emt 0:08:00]} O-O-O {[%emt 0:02:30]} 21. Be1 {[%emt 0:05:30]} h5 {[%emt 0:03:30]} 22. gxh5 {[%emt 0:18:12]} Rxh5 {[%emt 0:01:30]} 23. Ba6+ {[%emt 0:00:05]} Kc7 {[%emt 0:00:30]} 24. Rxd8 {[%emt 0:00:13]} Kxd8 {[%emt 0:00:30]} 25. Be2 {[%emt 0:00:30]} Ng6 {[%emt 0:03:41]} 26. Kg3 {[%emt 0:04:19]} Rh4 {[%emt 0:02:14]} 27. Bd2 {[%emt 0:02:27]} Be7 {[%emt 0:01:47]} 28. Be3 {[%emt 0:01:24]} Kc7 {[%emt 0:04:25]} 29. Rf1 {[%emt 0:02:32]} a5 {[%emt 0:01:04]} 30. c3 {[%emt 0:02:39]} bxc3 {[%emt 0:01:07]} 31. bxc3 {[%emt 0:00:01]} Rh8 {[%emt 0:00:28]} 32. Rb1 {[%emt 0:00:38]} Rb8 {[%emt 0:00:56]} 33. Rxb8 {[%emt 0:00:12]} Kxb8 {[%emt 0:00:12]} 34. Bb6 {[%emt 0:01:13]} a4 {[%emt 0:01:10]} 35. Ba6 {[%emt 0:00:08]} Bh4+ {[%emt 0:03:39]} 36. Kf3 {[%emt 0:00:04]} Be7 {[%emt 0:00:16]} 37. Bf2 {[%emt 0:01:35]} Kc7 {[%emt 0:01:31]} 38. Be2 {[%emt 0:00:14]} Nh4+ {[%emt 0:01:13]} 39. Kg3 {[%emt 0:00:19]} Ng6 {[%emt 0:00:53]} 40. Bd4 {[%emt 0:04:14]} Bh4+ {[%emt 0:32:21]} 41. Kf3 {[%emt 0:30:02]} Be7 {[%emt 0:00:10]} 42. Bd1 {[%emt 0:00:17]} a3 {[%emt 0:00:30]} 43. Bb3 {[%emt 0:00:00]} Nh4+ {[%emt 0:00:00]} 44. Kg3 {[%emt 0:00:00]} Ng6 {[%emt 0:00:00]} 45. Be3 {[%emt 0:00:00]} Bh4+ {[%emt 0:00:00]} 46. Kf3 {[%emt 0:00:00]} Be7 {[%emt 0:00:00]} 47. Bf2 {[%emt 0:00:00]} Nh4+ {[%emt 0:00:00]} 48. Ke2 {[%emt 0:00:00]} Ng6 {[%emt 0:00:00]} 49. Bg3 {[%emt 0:00:00]} Kb6 {[%emt 0:00:00]} 50. Kd3 {[%emt 0:00:00]} Nh4 {[%emt 0:00:00]} 51. Bf2+ {[%emt 0:00:00]} Kc7 {[%emt 0:00:00]} 52. Bd1 {[%emt 0:00:00]} Kd7 {[%emt 0:00:00]} 53. Bh5 {[%emt 0:00:00]} Ke8 {[%emt 0:00:00]} 54. Be3 {[%emt 0:00:00]} Ng2 {[%emt 0:00:00]} 55. Bc1 {[%emt 0:00:00]} Nh4 {[%emt 0:00:00]} 56. Kc4 {[%emt 0:00:00]} Ng6 {[%emt 0:00:00]} 57. Kb3 {[%emt 0:00:00]} Kd7 {[%emt 0:00:00]} 58. c4 {[%emt 0:01:29]} Bc5 {[%emt 0:00:41]} 59. Bd2 {[%emt 0:02:31]} Kc7 {[%emt 0:01:25]} 60. Kc3 {[%emt 0:01:36]} Kd7 {[%emt 0:02:09]} 61. Kd3 {[%emt 0:01:29]} Kc7 {[%emt 0:00:16]} 62. Ke2 {[%emt 0:01:12]} Kd7 {[%emt 0:00:55]} 63. Be3 {[%emt 0:01:16]} Bb4 {[%emt 0:01:32]} 64. Kf3 {[%emt 0:00:25]} Ke7 {[%emt 0:00:41]} 65. Bf2 {[%emt 0:00:24]} c5 {[%emt 0:01:34]} 66. h4 {[%emt 0:03:47]} Kf8 {[%emt 0:00:31]} 67. Kg3 {[%emt 0:00:17]} Kg7 {[%emt 0:00:21]} 68. Be3 {[%emt 0:01:08]} Be1+ {[%emt 0:01:45]} 69. Kh3 {[%emt 0:00:00]} Bb4 {[%emt 0:00:00]} 70. Be2 {[%emt 0:00:36]} Kh6 {[%emt 0:00:03]} 71. h5 {[%emt 0:00:44]} Ne7 {[%emt 0:01:23]} 72. Bf2 {[%emt 0:00:10]} Nc6 {[%emt 0:00:34]} 73. Bh4 {[%emt 0:00:06]} Nd4 {[%emt 0:00:21]} 74. Bg5+ {[%emt 0:00:04]} Kh7 {[%emt 0:00:32]} 75. Bd1 {[%emt 0:00:02]} Nc6 {[%emt 0:01:32]} 76. Kg2 {[%emt 0:00:24]} Na5 {[%emt 0:00:11]} 77. Be2 {[%emt 0:00:00]} Nb3 {[%emt 0:00:19]} 78. Bd3 {[%emt 0:00:30]} Nc1 {[%emt 0:00:26]} 79. Bb1 {[%emt 0:00:01]} Ne2 {[%emt 0:00:14]} 80. Bc2 {[%emt 0:00:07]} Nc1 {[%emt 0:00:36]} 81. Bb1 {[%emt 0:00:56]} Ne2 {[%emt 0:00:19]} 82. Bc2 {[%emt 0:00:02]} Nc1 {[%emt 0:01:18]} 83. Bb1 {[%emt 0:00:05]} 1/2-1/2

[Event "39th Citta Arco Open 2017"]
[Site "Arco"]
[Date "2017.10.09"]
[Round "2.14"]
[White "De Eccher, Stefano"]
[Black "Wernet, Andreas"]
[Result "1/2-1/2"]
[WhiteElo "2193"]
[BlackElo "2012"]
[Annotator "ChessBase"]
[PlyCount "105"]
[EventType "swiss"]
[EventCountry "ITA"]
[TimeControl "40/5400+30:1800+30"]

1. e4 {[%emt 0:00:30]} e6 {[%emt 0:01:00]} 2. d4 {[%emt 0:00:00]} d5 {[%emt 0:00:00]} 3. Nc3 {[%emt 0:00:00]} Nc6 {[%emt 0:00:00]} 4. Nf3 {[%emt 0:00:30]} Nf6 {[%emt 0:00:30]} 5. e5 {[%emt 0:00:30]} Ne4 {[%emt 0:00:00]} 6. Ne2 {[%emt 0:01:30]} Be7 {[%emt 0:01:00]} 7. Ng3 {[%emt 0:05:30]} f5 {[%emt 0:07:30]} 8. c3 {[%emt 0:07:30]} Bd7 {[%emt 0:03:30]} 9. h4 {[%emt 0:12:30]} Nxg3 {[%emt 0:05:30]} 10. fxg3 {[%emt 0:00:30]} Qc8 {[%emt 0:08:30]} 11. Bd3 {[%emt 0:02:30]} Nd8 {[%emt 0:00:30]} 12. Bg5 {[%emt 0:06:30]} Nf7 {[%emt 0:09:30]} 13. Bxe7 {[%emt 0:03:30]} Kxe7 {[%emt 0:00:30]} 14. g4 {[%emt 0:09:30]} fxg4 {[%emt 0:18:30]} 15. Ng5 {[%emt 0:00:30]} Nxg5 {[%emt 0:05:30]} 16. hxg5 {[%emt 0:00:30]} Be8 {[%emt 0:03:30]} 17. Rxh7 {[%emt 0:09:30]} Rxh7 {[%emt 0:00:30]} 18. Bxh7 {[%emt 0:00:30]} Bh5 {[%emt 0:02:30]} 19. g6 {[%emt 0:04:30]} Qf8 {[%emt 0:00:30]} 20. Qb3 {[%emt 0:22:33]} g3 {[%emt 0:10:30]} 21. Qb4+ {[%emt 0:06:00]} Kd7 {[%emt 0:00:30]} 22. Qb5+ {[%emt 0:00:23]} Kd8 {[%emt 0:04:25]} 23. Qf1 {[%emt 0:00:35]} Ke7 {[%emt 0:00:36]} 24. Kd2 {[%emt 0:00:15]} b6 {[%emt 0:02:51]} 25. Ke3 {[%emt 0:00:18]} c6 {[%emt 0:01:36]} 26. Qf4 {[%emt 0:00:12]} Qxf4+ {[%emt 0:01:39]} 27. Kxf4 {[%emt 0:00:01]} Rf8+ {[%emt 0:00:06]} 28. Kxg3 {[%emt 0:00:17]} Be2 {[%emt 0:00:36]} 29. b4 {[%emt 0:01:17]} Bd3 {[%emt 0:01:14]} 30. a4 {[%emt 0:01:05]} Rf5 {[%emt 0:00:32]} 31. Kh4 {[%emt 0:02:11]} a6 {[%emt 0:03:01]} 32. Ra2 {[%emt 0:00:54]} Bc4 {[%emt 0:01:16]} 33. Rb2 {[%emt 0:00:34]} Rf1 {[%emt 0:01:57]} 34. Bg8 {[%emt 0:00:50]} Bd3 {[%emt 0:01:04]} 35. Kg5 {[%emt 0:00:35]} Rf5+ {[%emt 0:00:25]} 36. Kh4 {[%emt 0:00:39]} Rf1 {[%emt 0:00:04]} 37. a5 {[%emt 0:00:42]} b5 {[%emt 0:00:04]} 38. Kg5 {[%emt 0:01:05]} Rf5+ {[%emt 0:00:03]} 39. Kh4 {[%emt 0:00:00]} Rf1 {[%emt 0:00:55]} 40. Bf7 {[%emt 0:01:39]} Rh1+ {[%emt 0:31:26]} 41. Kg5 {[%emt 0:30:47]} Rf1 {[%emt 0:00:00]} 42. g4 {[%emt 0:00:00]} Rg1 {[%emt 0:00:00]} 43. Rf2 {[%emt 0:00:00]} Bf5 {[%emt 0:00:00]} 44. Rf4 {[%emt 0:00:00]} Bd3 {[%emt 0:00:00]} 45. Bg8 {[%emt 0:00:00]} Rf1 {[%emt 0:00:00]} 46. Rf7+ {[%emt 0:00:00]} Rxf7 {[%emt 0:00:00]} 47. gxf7 {[%emt 0:00:00]} Kf8 {[%emt 0:00:00]} 48. Kh5 {[%emt 0:00:00]} Bb1 {[%emt 0:00:00]} 49. g5 {[%emt 0:00:00]} Bf5 {[%emt 0:00:00]} 50. Bh7 {[%emt 0:00:00]} Bxh7 {[%emt 0:00:00]} 51. g6 {[%emt 0:00:00]} Bg8 {[%emt 0:00:00]} 52. fxg8=Q+ {[%emt 0:00:00]} Kxg8 {[%emt 0:00:00]} 53. Kg5 1/2-1/2

[Event "39th Citta Arco Open 2017"]
[Site "Arco"]
[Date "2017.10.09"]
[Round "2.15"]
[White "De Santis, Alessio"]
[Black "Beulertz, Stefan"]
[Result "1-0"]
[WhiteElo "2162"]
[BlackElo "1994"]
[Annotator "ChessBase"]
[PlyCount "59"]
[EventType "swiss"]
[EventCountry "ITA"]
[TimeControl "40/5400+30:1800+30"]

1. b3 {[%emt 0:07:30]} e5 {[%emt 0:03:00]} 2. Bb2 {[%emt 0:00:00]} Nc6 {[%emt 0:00:30]} 3. c4 {[%emt 0:00:00]} Nf6 {[%emt 0:00:30]} 4. e3 {[%emt 0:00:30]} d5 {[%emt 0:04:30]} 5. cxd5 {[%emt 0:00:30]} Qxd5 {[%emt 0:05:30]} 6. Nc3 {[%emt 0:00:30]} Qd6 {[%emt 0:04:30]} 7. a3 {[%emt 0:03:30]} a6 {[%emt 0:03:30]} 8. b4 {[%emt 0:01:30]} b5 {[%emt 0:02:30]} 9. Qc2 {[%emt 0:00:30]} Bb7 {[%emt 0:03:30]} 10. Nf3 {[%emt 0:01:30]} Be7 {[%emt 0:04:30]} 11. Rc1 {[%emt 0:02:30]} O-O {[%emt 0:04:30]} 12. Be2 {[%emt 0:03:30]} Rfd8 {[%emt 0:07:30]} 13. O-O {[%emt 0:01:30]} Bf8 {[%emt 0:01:30]} 14. Rfd1 {[%emt 0:04:30]} Qe7 {[%emt 0:06:30]} 15. Ng5 {[%emt 0:05:30]} h6 {[%emt 0:18:30]} 16. Nge4 {[%emt 0:01:30]} Qe6 {[%emt 0:02:30]} 17. Nxf6+ {[%emt 0:00:30]} gxf6 {[%emt 0:02:30]} 18. Ne4 {[%emt 0:01:30]} Rac8 {[%emt 0:03:30]} 19. Bg4 {[%emt 0:06:30]} f5 {[%emt 0:04:10]} 20. Nc5 {[%emt 0:00:00]} Bxc5 {[%emt 0:01:38]} 21. Bxf5 {[%emt 0:00:00]} Qf6 {[%emt 0:05:35]} 22. Bxc8 {[%emt 0:13:30]} Rxc8 {[%emt 0:00:03]} 23. Qxc5 {[%emt 0:00:00]} Qg6 {[%emt 0:01:18]} 24. f3 {[%emt 0:02:00]} Rd8 {[%emt 0:02:56]} 25. e4 {[%emt 0:01:30]} Qg5 {[%emt 0:01:12]} 26. Qe3 {[%emt 0:00:30]} Qg6 {[%emt 0:02:22]} 27. Rc5 {[%emt 0:04:30]} Qd6 {[%emt 0:02:14]} 28. Rd5 {[%emt 0:00:30]} Qg6 {[%emt 0:01:11]} 29. Rxd8+ {[%emt 0:00:00]} Nxd8 {[%emt 0:00:03]} 30. d4 {[%emt 0:00:00]} 1-0

[Event "39th Citta Arco Open 2017"]
[Site "Arco"]
[Date "2017.10.09"]
[Round "2.16"]
[White "Oppici, Gabriele"]
[Black "Wurm, Alexander"]
[Result "1-0"]
[WhiteElo "1985"]
[BlackElo "2156"]
[Annotator "ChessBase"]
[PlyCount "85"]
[EventType "swiss"]
[EventCountry "ITA"]
[TimeControl "40/5400+30:1800+30"]

1. d4 {[%emt 0:02:30]} d5 {[%emt 0:01:00]} 2. Bf4 {[%emt 0:00:30]} Nf6 {[%emt 0:00:30]} 3. e3 {[%emt 0:00:00]} c5 {[%emt 0:01:30]} 4. c3 {[%emt 0:02:00]} Nc6 {[%emt 0:01:30]} 5. Nd2 {[%emt 0:01:30]} Qb6 {[%emt 0:03:30]} 6. Qc2 {[%emt 0:05:30]} g6 {[%emt 0:02:30]} 7. Ngf3 {[%emt 0:02:30]} Bf5 {[%emt 0:06:30]} 8. Bd3 {[%emt 0:11:30]} Bxd3 {[%emt 0:01:30]} 9. Qxd3 {[%emt 0:00:30]} Bg7 {[%emt 0:01:30]} 10. O-O {[%emt 0:01:30]} O-O {[%emt 0:03:30]} 11. h3 {[%emt 0:05:30]} Rfd8 {[%emt 0:05:30]} 12. a4 {[%emt 0:11:30]} c4 {[%emt 0:23:30]} 13. Qc2 {[%emt 0:00:30]} Nh5 {[%emt 0:06:30]} 14. Bh2 {[%emt 0:01:30]} f5 {[%emt 0:02:30]} 15. Rfb1 {[%emt 0:07:30]} Na5 {[%emt 0:04:30]} 16. b3 {[%emt 0:07:30]} cxb3 {[%emt 0:01:30]} 17. Nxb3 {[%emt 0:00:00]} Rac8 {[%emt 0:06:30]} 18. Nxa5 {[%emt 0:13:00]} Qxa5 {[%emt 0:00:30]} 19. Rxb7 {[%emt 0:00:30]} Rxc3 {[%emt 0:01:30]} 20. Qd2 {[%emt 0:01:30]} Rdc8 {[%emt 0:00:30]} 21. Be5 {[%emt 0:03:36]} Bf8 {[%emt 0:05:07]} 22. Rb5 {[%emt 0:01:56]} Qa6 {[%emt 0:02:55]} 23. Rxd5 {[%emt 0:03:21]} Rc2 {[%emt 0:01:59]} 24. Qd1 {[%emt 0:05:33]} e6 {[%emt 0:05:30]} 25. Rd8 {[%emt 0:01:28]} Rxd8 {[%emt 0:09:58]} 26. Qxc2 {[%emt 0:00:06]} Rc8 {[%emt 0:00:08]} 27. Qb3 {[%emt 0:00:50]} Qc4 {[%emt 0:01:21]} 28. Qb7 {[%emt 0:00:52]} Qc6 {[%emt 0:00:31]} 29. Rb1 {[%emt 0:02:20]} Ng7 {[%emt 0:00:29]} 30. a5 {[%emt 0:03:21]} h6 {[%emt 0:00:31]} 31. Qxa7 {[%emt 0:02:48]} Ra8 {[%emt 0:00:30]} 32. Qb6 {[%emt 0:00:20]} Qe4 {[%emt 0:00:30]} 33. Rc1 {[%emt 0:01:00]} Qd5 {[%emt 0:00:30]} 34. a6 {[%emt 0:00:22]} Ne8 {[%emt 0:00:29]} 35. a7 {[%emt 0:00:58]} Nd6 {[%emt 0:00:29]} 36. Bxd6 {[%emt 0:00:44]} Bxd6 {[%emt 0:00:06]} 37. Rc6 {[%emt 0:00:55]} Bf8 {[%emt 0:00:19]} 38. Rxe6 {[%emt 0:00:20]} g5 {[%emt 0:00:42]} 39. Ne5 {[%emt 0:00:16]} Qd7 {[%emt 0:00:42]} 40. Rg6+ {[%emt 0:00:25]} Kh7 {[%emt 0:30:12]} 41. Rf6 {[%emt 0:00:59]} Qxa7 {[%emt 0:00:00]} 42. Rf7+ {[%emt 0:00:30]} Qxf7 {[%emt 0:00:00]} 43. Nxf7 {[%emt 0:00:00]} 1-0

[Event "39th Citta Arco Open 2017"]
[Site "Arco"]
[Date "2017.10.09"]
[Round "2.17"]
[White "Sprotte, Norbert"]
[Black "Cordara, Michele"]
[Result "1-0"]
[WhiteElo "2154"]
[BlackElo "1990"]
[Annotator "ChessBase"]
[PlyCount "59"]
[EventType "swiss"]
[EventCountry "ITA"]
[TimeControl "40/5400+30:1800+30"]

1. d4 {[%emt 0:00:30]} Nf6 {[%emt 0:01:00]} 2. Nf3 {[%emt 0:00:00]} e6 {[%emt 0:03:30]} 3. e3 {[%emt 0:01:00]} b6 {[%emt 0:01:30]} 4. Bd3 {[%emt 0:00:00]} Ba6 {[%emt 0:13:30]} 5. c4 {[%emt 0:04:00]} Be7 {[%emt 0:03:30]} 6. O-O {[%emt 0:00:30]} d5 {[%emt 0:01:30]} 7. Ne5 {[%emt 0:08:30]} dxc4 {[%emt 0:02:30]} 8. Nxc4 {[%emt 0:02:30]} O-O {[%emt 0:00:30]} 9. b3 {[%emt 0:03:30]} c5 {[%emt 0:01:30]} 10. dxc5 {[%emt 0:03:30]} Bxc5 {[%emt 0:07:30]} 11. Bb2 {[%emt 0:00:30]} Bxc4 {[%emt 0:02:30]} 12. Bxc4 {[%emt 0:05:30]} Qxd1 {[%emt 0:01:30]} 13. Rxd1 {[%emt 0:00:00]} Nc6 {[%emt 0:00:30]} 14. Nc3 {[%emt 0:08:00]} Rfd8 {[%emt 0:03:30]} 15. Bb5 {[%emt 0:02:30]} Nb4 {[%emt 0:07:30]} 16. Rac1 {[%emt 0:02:30]} Nfd5 {[%emt 0:08:30]} 17. Nxd5 {[%emt 0:04:30]} Rxd5 {[%emt 0:01:30]} 18. a3 {[%emt 0:03:30]} Bf8 {[%emt 0:06:30]} 19. Rxd5 {[%emt 0:06:30]} Nxd5 {[%emt 0:00:30]} 20. Kf1 {[%emt 0:01:30]} Rd8 {[%emt 0:12:56]} 21. Ke2 {[%emt 0:01:30]} Bd6 {[%emt 0:09:58]} 22. g3 {[%emt 0:03:30]} Ne7 {[%emt 0:02:47]} 23. Ba6 {[%emt 0:02:30]} Kf8 {[%emt 0:00:40]} 24. e4 {[%emt 0:03:30]} Bb8 {[%emt 0:03:34]} 25. f4 {[%emt 0:06:30]} f6 {[%emt 0:00:35]} 26. Bc4 {[%emt 0:01:30]} Nc6 {[%emt 0:00:46]} 27. Bxe6 {[%emt 0:01:30]} Nd4+ {[%emt 0:00:46]} 28. Bxd4 {[%emt 0:00:30]} Rxd4 {[%emt 0:00:01]} 29. Bd5 {[%emt 0:03:30]} Bd6 {[%emt 0:00:08]} 30. b4 1-0